01019nam a2200277 a 4500003000900000005001700009008004100026020001800067040002800085041000800113043001200121082002300133100003000156245015000186260005500336300003100391534005500422650004000477650004000517650004000557700004200597700004200639700003300681942001200714999001500726CO-ViMGA20230915233600.0120411s2008 mx a jr 0001j spa d a9789681685287 aCO-ViMGAbspacCO-ViMGA1 heng aa-ja---04aI895.65 bK47q2211 aKitamura, Satoshi.91238710a{Qué le pasa a mi cabello? / cSatoshi Kitamura ; traducción Sonia Georgette Alfaro Victoria, José Emilio García Acevedo y Carlos Tejada. aMéxico : bFondo de Cultura Económica, c2008. a[14] p. : bil. ; c37 cm. pTítulo original : tWhatþs wrong with my hair?.14aCuentos infantiles japoneses.9295714aLeonesv Cuentos infantiles..9791514aLibros ilustrados para niños.9871 aGarcía, José Emilio, etr.9123891 aGeorgette Alfaro, Sonia, etr.9123881 aTejada, Carlos, etr.912390 2ddccBK c7892d7892